Derecho civil: parte general
-д хадгалсан:
| Үндсэн зохиолч: | |
|---|---|
| Формат: | Ном |
| Хэл сонгох: | испани |
| Хэвлэсэн: |
Santiago
Jurídica de Chile
1995
|
| Хэвлэл: | 4a. ed |
| Нөхцлүүд: | |
| Шошгууд: |
Шошго нэмэх
Шошго байхгүй, Энэхүү баримтыг шошголох эхний хүн болох!
|
MARC
| LEADER | 00000nam a2200000 a 4500 | ||
|---|---|---|---|
| 001 | UCU1700 | ||
| 003 | CL-VaPUC | ||
| 008 | 960412e19950000CL |||||||||||||||||spa|d | ||
| 020 | |a 9789561001893 | ||
| 082 | 0 | 4 | |a 346.83 |b DUC |2 21 |
| 100 | 0 | |a Ducci Claro, Carlos |e author |9 357387 | |
| 245 | 1 | 0 | |a Derecho civil: parte general |
| 250 | |a 4a. ed | ||
| 300 | |a 448 p | ||
| 942 | |c BK | ||
| 945 | |d 19960412 00:00:00 |a mcarcey | ||
| 260 | |a Santiago |b Jurídica de Chile |c 1995 | ||
| 650 | 0 | |a Derecho civil |9 255013 | |
| 650 | 0 | |a Actos jurídicos |9 255748 | |
| 650 | 0 | |a Bienes |9 255749 | |
| 650 | 0 | |a Personas |9 255751 | |
| 650 | 0 | |a Derecho privado |9 258243 | |
| 583 | |a last modification |c 20160907 08:32:22 |k Rodrigo Vera | ||
| 999 | |c 246228 |d 246226 | ||
| 952 | |0 0 |1 0 |4 0 |6 346_830000000000000_DUC_1995 |7 0 |8 A |9 261005 |a BIBDER |b BIBDER |d 2019-11-19 |i 4419731 |l 2 |m 2 |o 346.83 DUC 1995 |p 4419731 |q 2025-12-31 |r 2021-10-16 |s 2021-10-16 |w 2019-11-19 |y BK |k DER | ||
| 952 | |0 0 |1 0 |4 0 |6 346_830000000000000_DUC_1995 |7 0 |8 A |9 261006 |a BIBDER |b BIBDER |d 2019-11-19 |i 4419693 |l 3 |o 346.83 DUC 1995 |p 4419693 |r 2025-04-07 |s 2025-03-31 |w 2019-11-19 |y BK |k DER | ||
| 952 | |0 0 |1 0 |4 0 |6 346_830000000000000_DUC_1995 |7 0 |8 A |9 261007 |a BIBDER |b BIBDER |d 2019-11-19 |i 4419707 |o 346.83 DUC 1995 |p 4419707 |r 2023-01-25 |w 2019-11-19 |y BK |k DER | ||
| 952 | |0 0 |1 0 |4 0 |6 346_830000000000000_DUC_1995 |7 0 |8 A |9 261008 |a BIBDER |b BIBDER |d 2019-11-19 |i 4419715 |l 1 |m 5 |o 346.83 DUC 1995 |p 4419715 |q 2025-12-31 |r 2020-03-04 |s 2020-03-04 |w 2019-11-19 |y BK |k DER | ||
| 952 | |0 0 |1 0 |4 0 |6 346_830000000000000_DUC_1995 |7 0 |8 A |9 261009 |a BIBDER |b BIBDER |d 2019-11-19 |i 4419723 |l 12 |m 1 |o 346.83 DUC 1995 |p 4419723 |r 2024-10-30 |s 2024-10-30 |w 2019-11-19 |y BK |k DER | ||
| 952 | |0 0 |1 0 |4 0 |6 346_830000000000000_DUC_1995 |7 0 |8 A |9 261014 |a BIBDER |b BIBDER |d 2019-11-19 |i 4508742 |l 2 |o 346.83 DUC 1995 |p 4508742 |r 2024-05-02 |s 2024-04-25 |w 2019-11-19 |y BK |k DER | ||